Final War. (Record no. 3438)

MARC details
000 -LEADER
fixed length control field 00334nam a22001217a 4500
005 - DATE AND TIME OF LATEST TRANSACTION
control field 20201201151337.0
008 - FIXED-LENGTH DATA ELEMENTS--GENERAL INFORMATION
fixed length control field 201201b ||||| |||| 00| 0 eng d
020 ## - INTERNATIONAL STANDARD BOOK NUMBER
International Standard Book Number 002585
040 ## - CATALOGING SOURCE
Transcribing agency CML
245 ## - TITLE STATEMENT
Title Final War.
Statement of responsibility, etc. White E.G.
260 ## - PUBLICATION, DISTRIBUTION, ETC.
Place of publication, distribution, etc. Arizona
Name of publisher, distributor, etc. Inspiration Books
Date of publication, distribution, etc. 1979
942 ## - ADDED ENTRY ELEMENTS (KOHA)
Source of classification or shelving scheme Dewey Decimal Classification
Koha item type Books
Edition 1st Edition
Classification part 235
Call number suffix WHI
Holdings
Withdrawn status Lost status Source of classification or shelving scheme Damaged status Not for loan Collection code Home library Current library Shelving location Date acquired Total Checkouts Full call number Date last seen Copy number Price effective from Koha item type
    Dewey Decimal Classification     Religion Chalimbana Main Library Chalimbana Main Library Religion 12/01/2020   235.2 WHI 12/01/2020 1 12/01/2020 Books

Powered by Koha